00239nam a2200109Ia 4500008004100000082001200041082000800053245004300061245000800104260000800112300000900120231017s9999 xx 000 0 und d a624.183 bACI 0aSpecifications for structural concrete 0cACI bACI c30cm